00500nam a2200193 a 4500001001300000003000900013005001700022008004100039020002200080082001600102100002300118245002700141260004200168300000900210500003500219505001000254650001900264700002300283nice12345678IN_TiNIC20260116013759.0050524s1990 newa grp 000 0 eng  a8185738 c7000a297.24bSHA aShad, Abdur Rahman aFrom Adam to Muhammad. aNew DelhibIslamic Book Servicec1990 a206p aincludes index and biblioraphy2 aIndex aIslam-Prophets1 aShad, Abdur Rahman